| 000 | 00657cam a2200229 4500 | ||
|---|---|---|---|
| 001 | ABS61363 | ||
| 008 | 000000n1999 000 0 eng u | ||
| 035 | _a(Sirsi) u100472 | ||
| 100 | _aGraham, S | ||
| 245 | 4 | _aThe eyes have it - CCTV as the 'fifth utility' | |
| 260 | _c1999 | ||
| 490 |
_aTown & Country Planning _vOctober 1999, 312-314(3) |
||
| 520 | _aLooks at where the current trends for the use of, and reliance on, CCTV are leading. | ||
| 590 | _aABS | ||
| 650 | _aCCTV | ||
| 650 |
_aUtilities _96272 |
||
| 650 | _aUNITED KINGDOM | ||
| 650 | _aRURAL AREAS | ||
| 650 | _aCITIES | ||
| 690 | _aPROPERTY-PROPERTY DEVELOPMENT | ||
| 942 | _n0 | ||
| 999 |
_c60108 _d60108 |
||